Keenen Ivory Wayans Filmography - Statistics

General Stats
  • This quiz has been taken 12 times
    9 since last reset
  • The average score is 20 of 37
Answer Stats
Type Year Name % Correct
Film 2000 Scary Movie
88%
TV Show 1990-1994 In Living Color
75%
TV Show 2012 In Living Color
75%
Director 2001 Scary Movie 2
75%
Film 1996 Don't Be a Menace to South Central While Drinking Your Juice in the Hood
63%
Film 1988 I'm Gonna Git You Sucka
63%
Director 2006 Little Man
63%
TV Show 2001 My Wife and Kids
63%
Director 2004 White Chicks
63%
TV Show 1987 A Different World
50%
Film 1994 A Low Down Dirty Shame
50%
TV Show 1981 An Evening at the Improv
50%
TV Show 1986 Benson
50%
TV Show 1982 Cheers
50%
TV Show 1982 CHiPs
50%
Film 2009 Dance Flick
50%
TV Film 1983 For Love and Honor
50%
TV Show 1983-1984 For Love and Honor
50%
TV Show 2013 Happily Divorced
50%
TV Film 1983 Highway Honeys
50%
TV Show 1987 Hill Street Blues
50%
Film 1987 Hollywood Shuffle
50%
TV Film 1981 Irene
50%
Music Video 1989 Jack of Spades
50%
TV Show 2014-2015 Last Comic Standing
50%
Film 1997 Most Wanted
50%
TV Show 2013 Real Husbands of Hollywood
50%
Film 1983 Star 80
50%
Award Show 1991 The 18th Annual American Music Awards
50%
Film 1996 The Glimmer Man
50%
Documentary Series 2018 The History of Comedy
50%
TV Show 1997-1998 The Keenen Ivory Wayans Show
50%
TV Show 1983 The Renegades
50%
TV Show 1998 Viva Variety
50%
Music Video 1997 Just the Two of Us
38%
Commercial 1984 KFC
38%
Commercial 1998 Pepsi
38%
No matching quizzes found
Score Distribution
Percent of People with Each Score
Percentile by Number Answered
Your Score History
You have not taken this quiz since the last reset